| 000 | 01621cas a2200349 i 4500 | ||
|---|---|---|---|
| 001 | 000045428 | ||
| 003 | DLC | ||
| 005 | 20260129145439.0 | ||
| 007 | ta | ||
| 008 | 150309c2011 dr ar1pdd || |0spa d | ||
| 040 |
_aDO-SdBNP _bspa _cBNPHU _erda |
||
| 041 | _hspa | ||
| 043 | _anwdr | ||
| 245 | 0 | 0 |
_a¡Carnavales! : _bcultura y folclor del Caribe. |
| 264 |
_aSanto Domingo, República Dominicana : _bVegarte, _c2011. |
||
| 300 |
_avolumen : _bilustraciones, fotografías ; _c27 cm. |
||
| 310 | _aAnual | ||
| 336 |
_atexto _btxt _2rdacontent |
||
| 337 |
_asin mediación _bn _2rdamedia |
||
| 338 |
_avolumen _bnc _2rdacarrier |
||
| 362 | 1 | _aInicia con: Año 2, No. 2. Edición 2011. | |
| 500 | _aCatalogación basada en: Año 2, No. 2. Edición 2011. | ||
| 500 | _aDirector: 2011, Santiago Espinal. | ||
| 500 | _aEditor: 2011, Marcos Jorge. | ||
| 500 | _aCarnavales no se hace responsable ni se identifica necesariamente con los conceptos emitidos por sus colaboradores y entrevistados. No somos responsables de publicar originales no solicitados. Prohibida la reproducción total o parcial de cualquier información gráfica o escrita por cualquier medio, sin previa autorización de la sociedad editora. | ||
| 520 | _aCarnavales, revista de los carnavales de El Caribe. Es una publicación anual de circulación internacional. | ||
| 650 | 4 |
_aCultura regional _xCarnaval _vPublicaciones periódicas _973480 |
|
| 651 | 4 |
_aRepública Dominicana _xCarnaval _vPublicaciones periódicas _973481 |
|
| 700 | 1 |
_aEspinal, Santiago _edirector _973482 |
|
| 700 | 1 |
_aJorge, Marcos _eeditor _973483 |
|
| 942 |
_2ddc _cISSUE |
||
| 999 |
_c44917 _d44917 |
||